[Event "Ghedi Autunn op 1st"]
[Site "Ghedi"]
[Date "2014.11.16"]
[Round "5"]
[White "Brugaletta, Alessandro"]
[Black "Fausti, Mattia"]
[Result "0-1"]
[WhiteElo "1455"]
[BlackElo "1466"]
[PlyCount "134"]
[EventDate "2014.11.08"]
[EventType "swiss"]
[EventRounds "6"]
[EventCountry "ITA"]
[SourceTitle "EXT 2017"]
[Source "ChessBase"]
[SourceDate "2016.10.25"]
[SourceVersion "1"]
[SourceVersionDate "2016.10.25"]
[SourceQuality "1"]

1. e4 e5 2. Nf3 Nc6 3. c4 Nf6 4. d3 h6 5. Nc3 Bc5 6. Be2 d6 7. 0-0 0-0 8. Nd2 Nd7 9. Bg4 a6 10. Na4 Ba7 11. Kh1 Nc5 12. Bxc8 Rxc8 13. Nxc5 Bxc5 14. Nb3 Bd4 15. Nxd4 Nxd4 16. f4 f6 17. f5 c5 18. Qg4 Kf7 19. Qg6+ Ke7 20. Qxg7+ Rf7 21. Qxh6 Nc2 22. Rb1 Nb4 23. Rf3 Nxa2 24. g4 Qh8 25. Qxh8 Rxh8 26. Bd2 Rfh7 27. Rf2 Nb4 28. Bxb4 cxb4 29. Ra1 Rh3 30. Rd1 a5 31. b3 Kd7 32. Rfd2 Kc6 33. Rg1 b5 34. Rc1 Rg8 35. Kg2 Rgh8 36. cxb5+ Kxb5 37. Kh1 Rg8 38. Kg2 Rgh8 39. Kh1 Rg8 40. Rg1 a4 41. bxa4+ Kxa4 42. d4 Re3 43. dxe5 dxe5 44. Ra1+ Kb3 45. Rb1+ Kc3 46. Rdd1 Kc4 47. Re1 Rxe1+ 48. Rxe1 Rxg4 49. h3 Rh4 50. Kh2 b3 51. Rc1+ Kd3 52. Rc6 b2 53. Rb6 Kc2 54. Rc6+ Kb1 55. Rxf6 Rxe4 56. Re6 Re2+ 57. Kg3 Kc1 58. Rc6+ Rc2 59. Rb6 b1Q 60. Rxb1+ Kxb1 61. Kh4 Rf2 62. Kg5 e4 63. h4 e3 64. h5 e2 65. h6 e1Q 66. h7 Rg2+ 67. Kf6 Qh4+ 0-1

[Event "Ghedi Autunn op 1st"]
[Site "Ghedi"]
[Date "2014.11.09"]
[Round "2"]
[White "Fausti, Mattia"]
[Black "Pesci, Silvio"]
[Result "1-0"]
[WhiteElo "1466"]
[BlackElo "1425"]
[PlyCount "59"]
[EventDate "2014.11.08"]
[EventType "swiss"]
[EventRounds "6"]
[EventCountry "ITA"]
[SourceTitle "EXT 2017"]
[Source "ChessBase"]
[SourceDate "2016.10.25"]
[SourceVersion "1"]
[SourceVersionDate "2016.10.25"]
[SourceQuality "1"]

1. d4 d5 2. Nf3 Nf6 3. e3 Bg4 4. Nbd2 Nc6 5. Bd3 e5 6. dxe5 Nxe5 7. h3 Bh5 8. g4 Nxd3+ 9. cxd3 Bg6 10. Qc2 Bd6 11. e4 Qe7 12. e5 Nd7 13. 0-0 Nxe5 14. Nxe5 Bxe5 15. Nf3 0-0 16. Re1 f6 17. Bf4 Qd6 18. Nxe5 fxe5 19. Bxe5 Qd7 20. Bxc7 Rf3 21. Re3 Raf8 22. Rf1 R3f7 23. Ba5 Re8 24. Rxe8+ Qxe8 25. Qb3 Qd7 26. f4 Re7 27. f5 Bf7 28. d4 Qd6 29. Bb4 Qg3+ 30. Qxg3 1-0